Statistics for Poorest Countries in the Americas

Click here to take the quiz!

General Stats

  • This quiz has been taken 148 times
  • The average score is 8 of 10

Answer Stats

GDP per capita Country % Correct
$1,800Haiti
97%
$5,000Honduras
91%
$8,300El Salvador
88%
$5,000Nicaragua
87%
$7,900Guatemala
84%
$6,500Bolivia
82%
$8,600Belize
81%
$8,800Paraguay
79%
$7,200Guyana
77%
$8,800Jamaica
66%

Score Distribution

Percentile by Number Answered

Percent of People with Each Score

Your Score History

You have not taken this quiz